[Event "Sant Adria de Besos op 12th"]
[Site "Sant Adria de Besos"]
[Date "2016.06.05"]
[Round "7"]
[White "Larios Jimenez, Rafael"]
[Black "Barroso Quinones, Antonio"]
[Result "0-1"]
[WhiteElo "1858"]
[BlackElo "1961"]
[PlyCount "114"]
[EventDate "2016.04.10"]
[EventType "swiss"]
[EventRounds "9"]
[EventCountry "ESP"]
[SourceTitle "EXT 2017"]
[Source "ChessBase"]
[SourceDate "2016.10.25"]
[SourceVersion "1"]
[SourceVersionDate "2016.10.25"]
[SourceQuality "1"]

1. e4 d5 2. exd5 Nf6 3. Nc3 Nxd5 4. Nxd5 Qxd5 5. Nf3 Bg4 6. Be2 e5 7. d3 Nc6 8. 0-0 0-0-0 9. c4 Qd7 10. a3 Bxf3 11. Bxf3 Qxd3 12. Qxd3 Rxd3 13. Bxc6 bxc6 14. b4 c5 15. Be3 cxb4 16. axb4 Bxb4 17. Rxa7 Rhd8 18. h3 Ra3 19. Rxa3 Bxa3 20. Ra1 Rd3 21. Kf1 f5 22. Ke2 Rb3 23. Bc1 Bxc1 24. Rxc1 e4 25. Rd1 Rc3 26. Rd4 g6 27. g4 Rxh3 28. gxf5 gxf5 29. Rd5 Rh5 30. Ke3 c6 31. Rd6 Kc7 32. Rf6 Rh3+ 33. Ke2 Rf3 34. c5 Kb7 35. Rh6 Rc3 36. Rxh7+ Ka6 37. Rf7 Rf3 38. Rf8 Kb5 39. Rc8 Kxc5 40. Rc7 Kd6 41. Rc8 c5 42. Rd8+ Kc7 43. Rd5 Kc6 44. Rd8 c4 45. Rc8+ Kb5 46. Rb8+ Kc5 47. Rc8+ Kb4 48. Rb8+ Kc3 49. Rc8 Kb3 50. Rb8+ Kc2 51. Ra8 c3 52. Rb8 Kc1 53. Rc8 c2 54. Rb8 Rd3 55. Rb4 Ra3 56. Rc4 Kb2 57. Rb4+ Rb3 0-1

[Event "Sant Adria de Besos op 12th"]
[Site "Sant Adria de Besos"]
[Date "2016.05.22"]
[Round "5"]
[White "Larios Jimenez, Rafael"]
[Black "Bertran Milia, Eduard"]
[Result "1-0"]
[WhiteElo "1858"]
[BlackElo "1946"]
[PlyCount "133"]
[EventDate "2016.04.10"]
[EventType "swiss"]
[EventRounds "9"]
[EventCountry "ESP"]
[SourceTitle "EXT 2017"]
[Source "ChessBase"]
[SourceDate "2016.10.25"]
[SourceVersion "1"]
[SourceVersionDate "2016.10.25"]
[SourceQuality "1"]

1. e4 c5 2. Nf3 Nc6 3. d4 cxd4 4. Nxd4 e6 5. Bb5 Nf6 6. Nc3 Bb4 7. Nxc6 bxc6 8. Bd3 d5 9. exd5 cxd5 10. Bd2 0-0 11. 0-0 Bb7 12. Bg5 Be7 13. Re1 h6 14. Bh4 Nd7 15. Bg3 Bf6 16. Bd6 Be7 17. Bg3 a6 18. a3 Re8 19. b4 Bf6 20. Qd2 Rc8 21. Ne2 e5 22. c3 e4 23. Bc2 Nb6 24. Bb3 h5 25. Rac1 h4 26. Bf4 Nc4 27. Bxc4 Rxc4 28. Be3 Qd7 29. Bd4 Bxd4 30. Nxd4 Rec8 31. Re3 R8c7 32. Rh3 Qe7 33. Qf4 g5 34. Qd2 Bc8 35. Re3 Qf6 36. f3 Bf5 37. Nxf5 Qxf5 38. fxe4 dxe4 39. Qd8+ Kg7 40. Rf1 Qe5 41. Qa8 f5 42. a4 Rxc3 43. Rxc3 Qxc3 44. Qxa6 Qxb4 45. Rxf5 Qd4+ 46. Kh1 Rc1+ 47. Rf1 Rxf1+ 48. Qxf1 Qxa4 49. h3 Qd4 50. Qf5 Kh6 51. Qe6+ Kh5 52. Qf7+ Kh6 53. Qe6+ Kg7 54. Qe7+ Kg6 55. Qe6+ Qf6 56. Qxe4+ Kf7 57. Qd5+ Qe6 58. Qxg5 Qf6 59. Qd5+ Kg6 60. Qe4+ Kh6 61. Kg1 Qb6+ 62. Kf1 Qb5+ 63. Kf2 Qb2+ 64. Kf3 Qb3+ 65. Qe3+ Qxe3+ 66. Kxe3 Kg5 67. Ke4 1-0

[Event "Barcelona Sant Marti op-B 16th"]
[Site "Barcelona"]
[Date "2014.07.17"]
[Round "5"]
[White "Larios Jimenez, Rafael"]
[Black "Vicente Soriano, Josep"]
[Result "1-0"]
[WhiteElo "1791"]
[BlackElo "1962"]
[PlyCount "90"]
[EventDate "2014.07.13"]
[EventType "swiss"]
[EventRounds "9"]
[EventCountry "ESP"]
[SourceTitle "CBM 161 Extra"]
[Source "ChessBase"]
[SourceDate "2014.08.29"]
[SourceVersion "1"]
[SourceVersionDate "2014.08.29"]
[SourceQuality "1"]

1. f4 Nf6 2. Nf3 c5 3. e3 Nc6 4. b3 g6 5. Bb2 Bg7 6. Bb5 0-0 7. 0-0 d6 8. Bxc6 bxc6 9. d3 Qc7 10. Nbd2 a5 11. Qe1 a4 12. Rb1 axb3 13. axb3 Re8 14. Nc4 Ba6 15. e4 Bxc4 16. dxc4 e6 17. e5 dxe5 18. Nxe5 Nd7 19. Rd1 Nxe5 20. Bxe5 Bxe5 21. Qxe5 Qxe5 22. fxe5 Red8 23. Rd6 Rxd6 24. exd6 Rd8 25. Rd1 f5 26. d7 Kf7 27. Rd6 Ke7 28. Rxc6 Rxd7 29. Rxc5 Rd1+ 30. Kf2 Kd6 31. Ke2 Rg1 32. b4 Rxg2+ 33. Kd3 Rxh2 34. Rc8 Rh3+ 35. Kd2 Rh2+ 36. Kc3 Rh3+ 37. Kb2 g5 38. b5 Kd7 39. Rc5 Kd6 40. Rc6+ Kd7 41. c5 Re3 42. Rd6+ Kc7 43. b6+ Kb7 44. Rd7+ Kc6 45. Rc7+ Kd5 1-0